Random normal deviates : (Record no. 36124)
[ view plain ]
| 000 -LEADER | |
|---|---|
| fixed length control field | 01084nam a22002892 4500 |
| 001 - CONTROL NUMBER | |
| control field | 36124 |
| 003 - CONTROL NUMBER IDENTIFIER | |
| rucl marc code | BD-RjUL |
| 005 - DATE AND TIME OF LATEST TRANSACTION | |
| control field | 20211209052434.0 |
| 008 - FIXED-LENGTH DATA ELEMENTS--GENERAL INFORMATION | |
| fixed length control field | 140616r19551948enk 000 0 eng d |
| 035 ## - SYSTEM CONTROL NUMBER | |
| System control number | (BD-RjUL) |
| -- | OCLC ocm00337149 from D971115M |
| 040 ## - CATALOGING SOURCE | |
| Original cataloging agency | KSU |
| Transcribing agency | KSU |
| Modifying agency | EQO |
| -- | BD-RjUL |
| Language of cataloging | eng |
| 041 ## - LANGUAGE CODE | |
| Language code of text/sound track or separate title | eng |
| 082 04 - DEWEY DECIMAL CLASSIFICATION NUMBER | |
| Edition number | 19 |
| Classification number | 519.5 |
| Author mark and year | WOR 1955 |
| 100 1# - MAIN ENTRY--PERSONAL NAME | |
| Personal name | Wold, Herman O. A., |
| Dates associated with a name | 1908-1992 |
| 9 (RLIN) | 109950 |
| 245 10 - TITLE STATEMENT | |
| Title | Random normal deviates : |
| Remainder of title | 25,000 items compiled from Tract no. XXIV (M. G. Kendall and B. Babington Smith's Tables of random sampling numbers) / |
| Statement of responsibility, etc. | Herman Wold. |
| 260 ## - PUBLICATION, DISTRIBUTION, ETC. (IMPRINT) | |
| Place of publication, distribution, etc. | Cambridge [Eng.] : |
| Name of publisher, distributor, etc. | University Press, |
| Date of publication, distribution, etc. | 1948 [reprinted 1955]. |
| 300 ## - PHYSICAL DESCRIPTION | |
| Pagination | xiii, 51 p. |
| Size | 24 cm. |
| 490 1# - SERIES STATEMENT | |
| Series statement | Tracts for computers, |
| Volume/sequential designation | no. 25 |
| 650 #0 - SUBJECT ADDED ENTRY--TOPICAL TERM | |
| Topical term or geographic name as entry element | Sampling (Statistics) |
| 9 (RLIN) | 109951 |
| Topical term or geographic name as entry element | Mathematics |
| Form subdivision | Tables. |
| 9 (RLIN) | 20965 |
| 700 1# - ADDED ENTRY--PERSONAL NAME | |
| Personal name | Kendall, Maurice G. |
| Fuller form of name | (Maurice George), |
| Dates associated with a name | 1907-1983. |
| 830 #0 - SERIES ADDED ENTRY--UNIFORM TITLE | |
| Volume number/sequential designation | no. 25 |
| 830 #0 - SERIES ADDED ENTRY--UNIFORM TITLE | |
| Uniform title | Tracts for computers, |
| 942 ## - ADDED ENTRY ELEMENTS (KOHA) | |
| Source of classification or shelving scheme | Dewey Decimal Classification |
| Koha item type | Books |
| Lost status | Source of classification or shelving scheme | Damaged status | Not for loan | Collection code | Permanent Location | Current Location | Shelving location | Date acquired | Source of acquisition | Cost, normal purchase price | Total Checkouts | Full call number | Date last seen | Copy number | Koha item type |
|---|---|---|---|---|---|---|---|---|---|---|---|---|---|---|---|
| Dewey Decimal Classification | Not For Loan | Non-fiction | Central Library, University of Rajshahi | Central Library, University of Rajshahi | Reading Room | 26/03/1963 | Zeitlinger | 7.60 | 519.5 WOR 1955 | 16/06/2014 | C-1 | Books | |||
| Dewey Decimal Classification | Non-fiction | Central Library, University of Rajshahi | Central Library, University of Rajshahi | 17/10/1968 | National Book Agency. | 6.75 | 519.5 WOR 1955 | 16/06/2014 | C-2 | Books | |||||
| Dewey Decimal Classification | Non-fiction | Central Library, University of Rajshahi | Central Library, University of Rajshahi | 17/10/1968 | National Book Agency. | 6.75 | 519.5 WOR 1955 | 16/06/2014 | C-3 | Books | |||||
| Dewey Decimal Classification | Non-fiction | Central Library, University of Rajshahi | Central Library, University of Rajshahi | 17/10/1968 | National Book Agency. | 6.75 | 519.5 WOR 1955 | 16/06/2014 | C-4 | Books | |||||
| Dewey Decimal Classification | Non-fiction | Central Library, University of Rajshahi | Central Library, University of Rajshahi | 17/10/1968 | National Book Agency. | 6.75 | 519.5 WOR 1955 | 16/06/2014 | C-5 | Books | |||||
| Dewey Decimal Classification | Non-fiction | Central Library, University of Rajshahi | Central Library, University of Rajshahi | 17/10/1968 | National Book Agency. | 6.75 | 519.5 WOR 1955 | 16/06/2014 | C-6 | Books | |||||
| Dewey Decimal Classification | Non-fiction | Central Library, University of Rajshahi | Central Library, University of Rajshahi | 17/10/1968 | National Book Agency. | 6.75 | 519.5 WOR 1955 | 16/06/2014 | C-7 | Books | |||||
| Dewey Decimal Classification | Non-fiction | Central Library, University of Rajshahi | Central Library, University of Rajshahi | 17/10/1968 | National Book Agency. | 6.75 | 519.5 WOR 1955 | 16/06/2014 | C-8 | Books | |||||
| Dewey Decimal Classification | Non-fiction | Central Library, University of Rajshahi | Central Library, University of Rajshahi | 17/10/1968 | National Book Agency. | 6.75 | 519.5 WOR 1955 | 16/06/2014 | C-9 | Books | |||||
| Dewey Decimal Classification | Non-fiction | Central Library, University of Rajshahi | Central Library, University of Rajshahi | 17/10/1968 | National Book Agency | 6.50 | 519.5 WOR 1955 | 24/06/2014 | C-10 | Books |